Largest Lakes That Border One Country - Statistics

General Stats
  • This quiz has been taken 94 times
  • The average score is 6 of 10
Answer Stats
Bordering Country Answer % Correct
Russia Lake Baikal
93%
United States Lake Michigan
86%
Canada Great Slave Lake
82%
Canada Great Bear Lake
70%
Nicaragua Lake Nicaragua
69%
Canada Lake Winnipeg
55%
Russia Lake Ladoga
43%
Kazakhstan Lake Balkhash
31%
Canada Lake Athabasca
27%
Russia Lake Onega
26%
No matching quizzes found
Score Distribution
Percent of People with Each Score
Percentile by Number Answered
Your Score History
You have not taken this quiz